Culture Générale - Vol.7 - Statistiques

Statistiques générales
  • Ce quiz a été pris 147 fois
  • Le résultat moyen est 5 sur 15
Statistiques - réponses
% Correct
Spécialité du Languedoc dont la base est un ragoût de haricots blancs longuement mijoté et aggrémenté de diverses viandes. Son nom vient du plat en terre cuite émaillée utilisée pour sa cuisson. Cassoulet
81%
Branche des mathématiques née des jeux du hasard, plus précisément du désir de prévoir l'imprévisible ou de quantifier l'incertain, et qui a pour but de calculer la fréquence d'un événement par rapport à l'ensemble des cas possibles. Probabilités
75%
Caricaturiste, dessinateur de presse et auteur de bande dessinée français, créateur des personnages du Grand Duduche et du Beauf. Il meurt assassiné lors de l'attentat contre Charlie Hebdo le 7 janvier 2015. Cabu
69%
Principauté et monarchie constitutionnelle, il est le quatrième plus petit pays européen. Les femmes y ont le droit de vote, mais uniquement pour les scrutins nationaux et non locaux. Une pétition pour réclamer la légalisation de l'avortement est soumise à une votation populaire en 2011 mais est rejetée à 52,3% des voix. En 2012, suite à une initiative populaire destinée à réduire les pouvoirs princiers, les citoyens rejettent également la demande de réforme par référendum à 76,1% des voix. Liechtenstein
62%
Acteur, réalisateur et humoriste français dont le ton grinçant est nouveau et tranche radicalement avec ce qui se fait à l’époque de ses débuts. On lui doit notamment les films "Bernie", "Enfermés dehors" ou encore "9 mois ferme". Albert Dupontel
52%
Terme, autrefois péjoratif, employé pour désigner les populations mélanésiennes. Il est aujourd'hui empreint d'une forte charge identitaire et est devenu l'un des symboles des revendications culturelles et politiques des néo-calédoniens autochtones. Kanak
50%
Autodidacte devenue adjointe juridique et militante de l'environnement connue pour avoir révélé une affaire de pollution des eaux potables à Hinkley (Californie). Son histoire est racontée dans un film réalisé par Steven Soderbergh (2000) où elle est incarnée par Julia Roberts. Erin Brockovich
39%
Souvent surnommée "la reine du folk" ou "la madone des pauvres gens", amie et supportrice de Martin Luther King, elle multiplie les apparitions sur toute la planète afin de délivrer un message de paix et de liberté, contre la guerre et l'injustice sociale. Elle impose également Bob Dylan et ses chansons au public américain ainsi qu'au monde entier. Joan Baez
27%
Pratique artistique permettant de produire sur le plan de l'image des effets de relief par la reproduction des effets de l'ombre et de la lumière sur les volumes perceptibles dans l'espace réel. Le procédé est mis au point dès les débuts de la Renaissance, mais c'est Le Caravage qui en développera la pratique. Clair-obscur
26%
Artiste française humaniste et libertaire jouant de sa personnalité totalement loufoque, ses apparitions télévisuelles ne sont jamais banales. Elle entame en 1969 une longue collaboration avec le musicien Areski Belkacem. Brigitte Fontaine
19%
Film français traitant du quotidien des SDF (1991) où l'on peut entendre cette réplique : - Comment il s'appelle, votre ami ? / - Mimosa. / - Et ça s'écrit comment ? Comme les fleurs ? / - Non. Comme les oeufs. / - Ben c'est pareil... / - Ben té ! Dans une gamelle, ça m'étonnerait ! Une époque formidable…
15%
À l'origine blog participatif à succés crée par Anaïs Bourdet, puis livre regroupant des témoignages de harcèlement sexiste dans l’espace public. Paye Ta Shnek
8%
Apéritif typiquement bourguignon semblable au kir où un vin rouge remplace le vin blanc. Communard
7%
Genre musical ayant émergé dans les années 60 en Jamaïque, issu du ska et sous-genre du reggae, incorporant des éléments de soul nord-américaine et de rhythm and blues. Rocksteady
6%
Écrivain au style bien trempé s'inscrivant dans la plus pure tradition de la littérature populaire française. "Papa" du loser magnifique et inénarrable Joblard, sa verve en fait un auteur contemporain incontournable. La légende voudrait qu'après s'être relu on l'entende souvent s'exclamer, la larme à l'oeil : " C'est beau ! On dirait du moi !". Jean-Marc Royon
5%
Aucun quiz correspondant
Distribution des résultats
% des personnes avec chaque résultat
Percentile par nombre de réponses
Votre historique - résultats
Vous n’avez pas pris ce quiz